000 00258nam a2200109Ia 4500
005 20251222114405.0
008 251222s1900||||xx |||||||||||||| ||spa||
082 _aDVD0092/L83/2006
245 0 _aMilagros eucarísticos.
264 _bLogo Media.
942 _cDVD
999 _c1811
_d1811